[Event "GRE-ch Univ Students online 1st"]
[Site "Tornelo INT"]
[Date "2022.05.28"]
[Round "5"]
[White "Parastatidis, Charalampos"]
[Black "Pavlidis, Pavlos"]
[Result "0-1"]
[WhiteElo "1476"]
[BlackElo "1873"]
[PlyCount "72"]
[EventDate "2022.05.28"]
[EventType "swiss (rapid)"]
[EventRounds "9"]
[EventCountry "GRE"]
[SourceTitle "EXT 2024"]
[Source "ChessBase"]
[SourceDate "2023.10.10"]
[SourceVersion "1"]
[SourceVersionDate "2023.10.10"]
[SourceQuality "1"]

1. e4 c5 2. Nf3 Nc6 3. d4 cxd4 4. Nxd4 g6 5. Nc3 Bg7 6. Be3 Nf6 7. Be2 0-0 8. Qd2 d5 9. Nxc6 bxc6 10. exd5 Nxd5 11. Nxd5 Qxd5 12. Qxd5 cxd5 13. 0-0-0 Be6 14. Bd4 Rfc8 15. Bxg7 Kxg7 16. Bf3 Rc5 17. Rd2 g5 18. h3 f5 19. Rhd1 Rd8 20. g3 Kf6 21. a4 a5 22. b3 Bf7 23. Kb2 e5 24. c3 e4 25. Be2 Rdc8 26. Rc1 Ke5 27. Rd4 f4 28. Bg4 Rb8 29. Rcd1 h5 30. Bd7 Be6 31. Bxe6 Kxe6 32. b4 Ke5 33. R1d2 axb4 34. cxb4 e3 35. gxf4+ gxf4 36. fxe3 fxe3 0-1

[Event "GRE-chT Online Rapid op 1st"]
[Site "Tornelo INT"]
[Date "2021.02.21"]
[Round "8.6"]
[White "Pavlidis, Pavlos"]
[Black "Bellos, Vasilios"]
[Result "1-0"]
[WhiteElo "1910"]
[BlackElo "1617"]
[PlyCount "105"]
[EventDate "2021.02.20"]
[EventType "team-swiss (rapid)"]
[EventRounds "9"]
[EventCountry "GRE"]
[SourceTitle "EXT 2023"]
[Source "ChessBase"]
[SourceDate "2022.10.05"]
[SourceVersion "1"]
[SourceVersionDate "2022.10.05"]
[SourceQuality "1"]

1. e4 d5 2. exd5 Qxd5 3. Nc3 Qa5 4. Nf3 Bf5 5. Bc4 Qc5 6. Bb3 Bg4 7. d3 Qh5 8. Bf4 c6 9. Ne4 Bxf3 10. Qxf3 Qxf3 11. gxf3 Nd7 12. 0-0-0 e5 13. Bg3 Be7 14. f4 exf4 15. Bxf4 Ngf6 16. Nd6+ Bxd6 17. Bxd6 Nd5 18. Rde1+ Kd8 19. c4 Nc7 20. Rhg1 Ne6 21. Re3 b6 22. c5 Ndxc5 23. Bxc5 Nxc5 24. Bxf7 g6 25. Rge1 Kc7 26. d4 Nd7 27. Re7 Rad8 28. Kd2 b5 29. Be8 Rf8 30. R1e2 Kc8 31. Bxd7+ Rxd7 32. Re8+ Rxe8 33. Rxe8+ Kc7 34. Ke3 Rf7 35. f4 Kd7 36. Re5 Rf5 37. Ke4 Rxe5+ 38. Kxe5 Ke7 39. h4 a5 40. a3 a4 41. d5 c5 42. d6+ Kd7 43. Kd5 c4 44. Kc5 h6 45. Kxb5 Kxd6 46. Kxa4 Ke6 47. Kb4 Kf5 48. a4 Kxf4 49. a5 g5 50. hxg5 hxg5 51. a6 g4 52. a7 g3 53. a8Q 1-0

[Event "GRE-chT Online Rapid op 1st"]
[Site "Tornelo INT"]
[Date "2021.02.21"]
[Round "6.13"]
[White "Tzortzakos, Foivos Patrik"]
[Black "Pavlidis, Pavlos"]
[Result "0-1"]
[WhiteElo "1375"]
[BlackElo "1910"]
[PlyCount "48"]
[EventDate "2021.02.20"]
[EventType "team-swiss (rapid)"]
[EventRounds "9"]
[EventCountry "GRE"]
[SourceTitle "EXT 2023"]
[Source "ChessBase"]
[SourceDate "2022.10.05"]
[SourceVersion "1"]
[SourceVersionDate "2022.10.05"]
[SourceQuality "1"]

1. d4 d5 2. c4 e6 3. Nc3 Nf6 4. cxd5 exd5 5. Bg5 Be7 6. e3 0-0 7. Bd3 Nbd7 8. Qc2 c6 9. Nge2 Re8 10. 0-0 h6 11. Bf4 Nf8 12. Rad1 Bd6 13. Bxd6 Qxd6 14. Ng3 N8h7 15. Rfe1 b6 16. f3 Bb7 17. Kh1 Ng5 18. e4 dxe4 19. fxe4 Qd7 20. e5 Nd5 21. Nf5 Nb4 22. Qe2 Nxd3 23. Qxd3 Ba6 24. Qf3 Nxf3 0-1

[Event "GRE-chT Online Rapid op 1st"]
[Site "Tornelo INT"]
[Date "2021.02.20"]
[Round "3.8"]
[White "Brokalakis Gounaris, Christos"]
[Black "Pavlidis, Pavlos"]
[Result "1-0"]
[WhiteElo "1996"]
[BlackElo "1910"]
[PlyCount "91"]
[EventDate "2021.02.20"]
[EventType "team-swiss (rapid)"]
[EventRounds "9"]
[EventCountry "GRE"]
[SourceTitle "EXT 2023"]
[Source "ChessBase"]
[SourceDate "2022.10.05"]
[SourceVersion "1"]
[SourceVersionDate "2022.10.05"]
[SourceQuality "1"]

1. d4 d5 2. c4 e6 3. Nc3 Nf6 4. cxd5 exd5 5. Bg5 Be7 6. e3 0-0 7. Bd3 c6 8. Qc2 Nbd7 9. Nf3 Re8 10. 0-0 h6 11. Bh4 Ne4 12. Bg3 Ng5 13. Nxg5 Bxg5 14. b4 Nf8 15. b5 Bd7 16. bxc6 Bxc6 17. Rab1 Rc8 18. Qb3 a6 19. a4 h5 20. h3 Bxe3 21. fxe3 Rxe3 22. Ne2 Qe8 23. Qd1 Bxa4 24. Qd2 b5 25. Be5 Rxd3 26. Qxd3 Bc2 27. Qg3 Ng6 28. Ra1 h4 29. Qe3 Ra8 30. Nf4 a5 31. Nxg6 Bxg6 32. Qc3 b4 33. Qc5 a4 34. Qxb4 f6 35. Bf4 Bc2 36. Rfe1 Qg6 37. Qb7 Ra5 38. Qc8+ Kh7 39. Re8 Qd3 40. Rh8+ Kg6 41. Qg4+ Kf7 42. Bh6 gxh6 43. Qg8+ Ke7 44. Qd8+ Kf7 45. Qe8+ Kg7 46. Qg8# 1-0

[Event "GRE-ch Online Blitz op 1st"]
[Site "Tornelo INT"]
[Date "2021.02.07"]
[Round "15"]
[White "Gioras, Ioannis"]
[Black "Pavlidis, Pavlos"]
[Result "0-1"]
[WhiteElo "1502"]
[BlackElo "1754"]
[PlyCount "106"]
[EventDate "2021.02.07"]
[EventType "swiss (blitz)"]
[EventRounds "16"]
[EventCountry "GRE"]
[SourceTitle "EXT 2023"]
[Source "ChessBase"]
[SourceDate "2022.10.05"]
[SourceVersion "1"]
[SourceVersionDate "2022.10.05"]
[SourceQuality "1"]

1. e4 c5 2. Nf3 Nc6 3. Nc3 g6 4. Be2 Bg7 5. d3 d6 6. 0-0 Nf6 7. h3 0-0 8. Bd2 a6 9. Rb1 b5 10. a3 Bb7 11. Nd5 Nd4 12. Nxf6+ Bxf6 13. Bh6 Re8 14. Nxd4 Bxd4 15. c3 Bf6 16. Bf3 d5 17. exd5 Bxd5 18. Re1 Qd6 19. Bxd5 Qxd5 20. Qe2 Rad8 21. Rbd1 Qf5 22. c4 Rd4 23. Be3 Rd7 24. cxb5 axb5 25. d4 cxd4 26. Bc1 d3 27. Qe3 Red8 28. Rd2 Bg5 29. Qe5 Qxe5 30. Rxe5 Bxd2 31. Bxd2 Rc8 32. Kf1 Rc2 33. Ke1 Rxb2 34. f4 f6 35. Re4 Kf7 36. Rb4 Rxb4 37. axb4 e5 38. fxe5 fxe5 39. Kf2 Rc7 40. Ke3 Rd7 41. Ke4 Ke6 42. g4 Rd4+ 43. Ke3 Kd5 44. Bc3 Rf4 45. Bd2 Rf1 46. Kxd3 Rh1 47. Be3 Rxh3 48. g5 e4+ 49. Ke2 Kc4 50. Bc5 Rb3 51. Be7 Rxb4 52. Ke3 Rb1 53. Kxe4 Re1+ 0-1

[Event "GRE-ch Online Blitz op 1st"]
[Site "Tornelo INT"]
[Date "2021.02.07"]
[Round "3"]
[White "Pavlidis, Pavlos"]
[Black "Laggousis, Andreas"]
[Result "0-1"]
[WhiteElo "1754"]
[BlackElo "1856"]
[PlyCount "114"]
[EventDate "2021.02.07"]
[EventType "swiss (blitz)"]
[EventRounds "16"]
[EventCountry "GRE"]
[SourceTitle "EXT 2023"]
[Source "ChessBase"]
[SourceDate "2022.10.05"]
[SourceVersion "1"]
[SourceVersionDate "2022.10.05"]
[SourceQuality "1"]

1. e4 c6 2. Nc3 d5 3. Nf3 dxe4 4. Nxe4 Nf6 5. Ng3 g6 6. d4 Bg7 7. c3 0-0 8. Bd3 Bg4 9. Bf4 Re8 10. Qd2 Nbd7 11. 0-0-0 Qa5 12. Kb1 b5 13. Bh6 Nb6 14. Bxg7 Kxg7 15. h3 Be6 16. b4 Qa3 17. Qb2 Qxb2+ 18. Kxb2 Bd5 19. h4 h5 20. Ne5 a5 21. a3 axb4 22. cxb4 Ng4 23. Nxg4 hxg4 24. h5 Bxg2 25. Rh2 Bd5 26. Rg1 Rh8 27. Ne2 gxh5 28. Nf4 Bc4 29. Bf5 e6 30. Be4 Bd5 31. Bd3 Rad8 32. Nxh5+ Kf8 33. Rxg4 Bf3 34. Rgh4 Rxh5 35. Rxh5 Bxh5 36. Rxh5 Rxd4 37. Kc3 Rf4 38. Rh8+ Ke7 39. Rh2 Nd5+ 40. Kc2 Kd6 41. Rg2 e5 42. Be2 Nb6 43. Rh2 Nc4 44. Bxc4 Rxc4+ 45. Kb3 Rf4 46. Kc3 f6 47. Kd2 Kd5 48. Kc2 c5 49. bxc5 Kxc5 50. Kb2 Kc4 51. Kc2 Kd4 52. Kb2 Ke4 53. Kb3 Kf3 54. Rh8 Kxf2 55. Rb8 e4 56. Rxb5 e3 57. Rb6 e2 0-1

[Event "GRE-ch Online Blitz op 1st"]
[Site "Tornelo INT"]
[Date "2021.02.07"]
[Round "12"]
[White "Tsilidis, Christos"]
[Black "Pavlidis, Pavlos"]
[Result "1-0"]
[WhiteElo "1329"]
[BlackElo "1754"]
[PlyCount "73"]
[EventDate "2021.02.07"]
[EventType "swiss (blitz)"]
[EventRounds "16"]
[EventCountry "GRE"]
[SourceTitle "EXT 2023"]
[Source "ChessBase"]
[SourceDate "2022.10.05"]
[SourceVersion "1"]
[SourceVersionDate "2022.10.05"]
[SourceQuality "1"]

1. d4 d5 2. Bf4 e6 3. e3 Nf6 4. Nf3 Bd6 5. Bg3 Bxg3 6. hxg3 Qd6 7. c3 b6 8. Bd3 c5 9. Nbd2 Bb7 10. Ne5 Nc6 11. Ndf3 h6 12. Bb5 a6 13. Bxc6+ Bxc6 14. Nxc6 Qxc6 15. Ne5 Qb5 16. Qd2 Ne4 17. Qc2 Ke7 18. a4 Qe8 19. a5 f6 20. Nd3 c4 21. Nb4 b5 22. g4 h5 23. f3 Ng3 24. Rh3 hxg4 25. fxg4 Ne4 26. 0-0-0 Qg6 27. Rdh1 Rh6 28. Kb1 Rah8 29. Rxh6 Rxh6 30. Rxh6 gxh6 31. Nxa6 Qxg4 32. Nc5 Nd6 33. a6 Nc8 34. a7 Nxa7 35. Qh7+ Kf8 36. Nd7+ Ke8 37. Nxf6+ 1-0

[Event "GRE-chT 46th"]
[Site "Rio Achaia"]
[Date "2018.07.12"]
[Round "4.5"]
[White "Pavlidis, Pavlos"]
[Black "Papakonstantinou, Dimitrios1111"]
[Result "0-1"]
[WhiteElo "1906"]
[BlackElo "2028"]
[PlyCount "112"]
[EventDate "2018.07.10"]
[EventType "team"]
[EventRounds "7"]
[EventCountry "GRE"]
[SourceTitle "CBM 185 Extra"]
[Source "ChessBase"]
[SourceDate "2018.07.29"]
[SourceVersion "1"]
[SourceVersionDate "2018.07.29"]
[SourceQuality "1"]
[WhiteTeam "The Christ of Chania"]
[BlackTeam "My Mountains"]
[WhiteTeamCountry "GRE"]
[BlackTeamCountry "GRE"]

1. e4 c5 2. Nf3 d6 3. Bb5+ Bd7 4. Bxd7+ Qxd7 5. 0-0 Nc6 6. c3 Nf6 7. Re1 e6 8. d4 cxd4 9. cxd4 d5 10. e5 Ne4 11. Nbd2 Nxd2 12. Bxd2 h6 13. Rc1 Be7 14. Re3 Rc8 15. Rec3 0-0 16. h3 Bd8 17. Be3 Bb6 18. Qa4 Rc7 19. Qd1 Rfc8 20. Nh2 Ne7 21. Ng4 Nf5 22. Qd2 Rxc3 23. Rxc3 Rxc3 24. bxc3 Qb5 25. Bf4 Ba5 26. Ne3 Nxe3 27. Bxe3 Qc6 28. Bxh6 gxh6 29. Qxh6 Qxc3 30. Qg5+ Kf8 31. Qh6+ Ke7 32. Qf6+ Ke8 33. Qh8+ Kd7 34. Qf6 Bd8 35. Qxf7+ Be7 36. Qf4 b5 37. h4 Qe1+ 38. Kh2 Qe4 39. Qd2 Qxh4+ 40. Kg1 b4 41. Qd3 Ke8 42. Qg6+ Kd8 43. Qxe6 Qxd4 44. g4 Qd2 45. Kg2 Bc5 46. Qf6+ Kc7 47. g5 Bxf2 48. Qxf2 Qxg5+ 49. Kf1 Qxe5 50. Qxa7+ Kc6 51. Qa6+ Kc5 52. Qa5+ Kc4 53. Qa6+ Kc3 54. Qa4 Qf5+ 55. Kg1 Qb1+ 56. Kf2 Qc2+ 0-1

[Event "GRE-chT 46th"]
[Site "Rio Achaia"]
[Date "2018.07.10"]
[Round "1.11"]
[White "Eleftheriou, Georgios Chr"]
[Black "Pavlidis, Pavlos"]
[Result "0-1"]
[WhiteElo "1659"]
[BlackElo "1906"]
[PlyCount "62"]
[EventDate "2018.07.10"]
[EventType "team"]
[EventRounds "7"]
[EventCountry "GRE"]
[SourceTitle "CBM 185 Extra"]
[Source "ChessBase"]
[SourceDate "2018.07.29"]
[SourceVersion "1"]
[SourceVersionDate "2018.07.29"]
[SourceQuality "1"]
[WhiteTeam "Panellinios GA"]
[BlackTeam "The Christ of Chania"]
[WhiteTeamCountry "GRE"]
[BlackTeamCountry "GRE"]

1. Nf3 Nf6 2. e3 d5 3. b3 e6 4. Bb2 Be7 5. d4 0-0 6. Bd3 b6 7. 0-0 Bb7 8. Nbd2 Ne4 9. a3 Nd7 10. Ne5 f6 11. Nxd7 Qxd7 12. f3 Nxd2 13. Qxd2 c5 14. Rae1 Rad8 15. Qe2 Bd6 16. f4 f5 17. Rf3 c4 18. bxc4 dxc4 19. Bxc4 Bxf3 20. Qxf3 Rde8 21. g4 fxg4 22. Qxg4 Rf6 23. Bd3 Qe7 24. Re2 Bxa3 25. Bxa3 Qxa3 26. Bxh7+ Kxh7 27. Qh5+ Rh6 28. Qxe8 Qc1+ 29. Kg2 Rg6+ 30. Kf2 Qg1+ 31. Kf3 Qh1+ 0-1

[Event "Agios Ioannis Pelion op 1st"]
[Site "Agios Ioannis"]
[Date "2018.06.20"]
[Round "6"]
[White "Todorovic, Goran N"]
[Black "Pavlidis, Pavlos"]
[Result "1-0"]
[WhiteElo "2335"]
[BlackElo "1954"]
[PlyCount "71"]
[EventDate "2018.06.16"]
[EventType "swiss"]
[EventRounds "9"]
[EventCountry "GRE"]
[SourceTitle "CBM 185 Extra"]
[Source "ChessBase"]
[SourceDate "2018.07.29"]
[SourceVersion "1"]
[SourceVersionDate "2018.07.29"]
[SourceQuality "1"]

1. d4 Nf6 2. c4 e6 3. Nc3 d5 4. cxd5 exd5 5. Bg5 Be7 6. e3 0-0 7. Bd3 c6 8. Qc2 Nbd7 9. Nge2 Re8 10. 0-0 Ne4 11. Bf4 Nxc3 12. bxc3 Nf6 13. f3 c5 14. Qb1 b6 15. e4 dxe4 16. fxe4 Bb7 17. e5 Nd5 18. Bxh7+ Kh8 19. Be4 cxd4 20. cxd4 Bg5 21. Bxg5 Qxg5 22. Qb3 Rad8 23. Rxf7 Nc3 24. Qxc3 Bxe4 25. Qh3+ Kg8 26. Rf2 Rc8 27. Qg3 Qd2 28. Qf4 Qb2 29. Qf7+ Kh8 30. Raf1 Bd3 31. Qh5+ Kg8 32. Qf7+ Kh8 33. Qh5+ Kg8 34. Qg4 Bc4 35. Ng3 Qc3 36. Nh5 1-0

[Event "GRE-ch Schools Lykeia 30th"]
[Site "Peristeri"]
[Date "2018.04.02"]
[Round "9"]
[White "Pavlidis, Pavlos"]
[Black "Vozinaki, Anthi Maria"]
[Result "1/2-1/2"]
[WhiteElo "1920"]
[BlackElo "1954"]
[PlyCount "115"]
[EventDate "2018.04.01"]
[EventType "swiss (rapid)"]
[EventRounds "9"]
[EventCountry "GRE"]
[SourceTitle "EXT 2019"]
[Source "ChessBase"]
[SourceDate "2018.10.10"]
[SourceVersion "1"]
[SourceVersionDate "2018.10.10"]
[SourceQuality "1"]

1. e4 c5 2. Nf3 e6 3. d4 cxd4 4. Nxd4 Nc6 5. Nc3 Qc7 6. Nb3 a6 7. Bd3 Nf6 8. Qe2 b5 9. 0-0 Be7 10. Bd2 d6 11. Rae1 b4 12. Nd1 Bb7 13. f4 a5 14. Be3 e5 15. fxe5 Nxe5 16. Nf2 0-0 17. Nd4 Nxd3 18. cxd3 d5 19. Ng4 dxe4 20. Nxf6+ Bxf6 21. Rxf6 gxf6 22. Bh6 Kh8 23. Bxf8 Rxf8 24. dxe4 Re8 25. Qf2 Qb6 26. Nf5 Qxf2+ 27. Kxf2 Rxe4 28. Rxe4 Bxe4 29. Nd6 Bd5 30. a3 bxa3 31. bxa3 Kg7 32. Nf5+ Kf8 33. g3 Be6 34. Nd4 Ke8 35. Nc6 a4 36. Ke3 Kd7 37. Nb4 Kd6 38. Kd4 Bb3 39. Nd3 Bd5 40. Nb4 Bb3 41. Na6 Bd5 42. Nc5 Bc6 43. Nd3 f5 44. Kc4 Be8 45. Kb4 h5 46. Nb2 Kd5 47. Nxa4 Bxa4 48. Kxa4 Kc4 49. Ka5 Kc5 50. a4 h4 51. Ka6 Kc6 52. a5 f6 53. Ka7 Kc7 54. a6 h3 55. Ka8 Kc8 56. Ka7 Kc7 57. Ka8 Kc8 58. Ka7 1/2-1/2

[Event "GRE-ch Schools Lykeia 30th"]
[Site "Peristeri"]
[Date "2018.04.01"]
[Round "5"]
[White "Pavlidis, Pavlos"]
[Black "Berbatis, Antonios"]
[Result "1-0"]
[WhiteElo "1920"]
[BlackElo "1878"]
[PlyCount "101"]
[EventDate "2018.04.01"]
[EventType "swiss (rapid)"]
[EventRounds "9"]
[EventCountry "GRE"]
[SourceTitle "EXT 2019"]
[Source "ChessBase"]
[SourceDate "2018.10.10"]
[SourceVersion "1"]
[SourceVersionDate "2018.10.10"]
[SourceQuality "1"]

1. e4 c5 2. Nf3 e6 3. d4 cxd4 4. Nxd4 Nc6 5. Nc3 Qc7 6. Nb3 a6 7. Bd3 Nf6 8. Qe2 Bb4 9. Bd2 Ne5 10. 0-0 d6 11. f4 Ned7 12. Kh1 0-0 13. a3 Bxc3 14. Bxc3 e5 15. fxe5 Nxe5 16. Nd4 Bg4 17. Qf2 Qd7 18. Qg3 Kh8 19. Nf5 Rae8 20. h3 Nh5 21. Qh4 Bxf5 22. Rxf5 g6 23. Rff1 Qd8 24. Qf2 Qg5 25. Bd2 Qg3 26. Bh6 Rg8 27. Qd4 Qh4 28. Bd2 Ng3+ 29. Kg1 Nxf1 30. Rxf1 Qe7 31. Bc4 Rgf8 32. Bh6 f6 33. Bxf8 Rxf8 34. Rd1 Rc8 35. Bb3 Rd8 36. c4 Qc7 37. c5 Qa5 38. cxd6 Qb5 39. Qd5 Qe2 40. Rf1 Qe3+ 41. Kh1 Qg5 42. Qe6 Rf8 43. d7 Nc6 44. Qd6 Kg7 45. Bd5 Nd8 46. Qe7+ Nf7 47. Bxf7 Rxf7 48. d8Q Rxe7 49. Qxe7+ Kh6 50. Qxf6 Qg3 51. Qf4+ 1-0

[Event "Aegean op 40th"]
[Site "Aghios Kirykos"]
[Date "2017.07.14"]
[Round "7"]
[White "Pavlidis, Pavlos"]
[Black "Murdzia, Piotr"]
[Result "0-1"]
[WhiteElo "1876"]
[BlackElo "2436"]
[PlyCount "76"]
[EventDate "2017.07.09"]
[EventType "swiss"]
[EventRounds "9"]
[EventCountry "GRE"]
[SourceTitle "EXT 2018"]
[Source "ChessBase"]
[SourceDate "2017.10.13"]
[SourceVersion "1"]
[SourceVersionDate "2017.10.13"]
[SourceQuality "1"]

1. e4 c5 2. Nf3 e6 3. d4 cxd4 4. Nxd4 Nc6 5. Nc3 a6 6. Nb3 Qc7 7. Bd3 Nf6 8. Qe2 Bd6 9. h3 h5 10. Bd2 Ne5 11. Rf1 Ng6 12. Nd4 h4 13. 0-0-0 Bf4 14. Bxf4 Qxf4+ 15. Kb1 d6 16. g3 hxg3 17. fxg3 Qe5 18. Nf3 Qc5 19. Qg2 Ne5 20. Nxe5 dxe5 21. g4 b5 22. g5 Nh5 23. Ne2 Ra7 24. Qg4 Rc7 25. g6 f6 26. Rf3 Ke7 27. Qh4 Rh6 28. Qg4 Bb7 29. Rdf1 Bc6 30. Ng3 Nf4 31. Rxf4 exf4 32. Qxf4 Qe5 33. Qg4 Be8 34. Ne2 Rxg6 35. Qf3 Rh6 36. Nf4 g5 37. Ne2 Rh4 38. Qe3 Bg6 0-1

[Event "GRE-chT 45th"]
[Site "Achaia"]
[Date "2017.07.04"]
[Round "2.10"]
[White "Alevizos, Athanasios"]
[Black "Pavlidis, Pavlos"]
[Result "1/2-1/2"]
[WhiteElo "1564"]
[BlackElo "1876"]
[PlyCount "97"]
[EventDate "2017.07.03"]
[EventType "team-swiss"]
[EventRounds "7"]
[EventCountry "GRE"]
[SourceTitle "CBM 179 Extra"]
[Source "ChessBase"]
[SourceDate "2017.08.23"]
[SourceVersion "1"]
[SourceVersionDate "2017.08.23"]
[SourceQuality "1"]
[WhiteTeam "Rhodes Knight"]
[BlackTeam "Chania Kydon AO"]
[WhiteTeamCountry "GRE"]
[BlackTeamCountry "GRE"]

1. e4 c5 2. Nf3 Nc6 3. Nc3 g6 4. g3 Bg7 5. Bg2 Nf6 6. d3 0-0 7. 0-0 d6 8. Re1 Bg4 9. h3 Bd7 10. Bd2 Qc8 11. Kh2 Ne8 12. Qc1 f5 13. Bh6 Nf6 14. Bxg7 Kxg7 15. e5 dxe5 16. Nxe5 Re8 17. f4 Qc7 18. Nd5 Nxd5 19. Bxd5 e6 20. Bxc6 Bxc6 21. c4 Rad8 22. Qc3 Rd4 23. b4 b6 24. b5 Ba8 25. Re3 Qd6 26. h4 Qe7 27. Nf3 Bxf3 28. Rxf3 Qf6 29. Re1 h6 30. Qc1 Rh8 31. Kg2 Rhd8 32. Rd1 R8d6 33. Qe3 Qd8 34. Kf2 Rxc4 35. dxc4 Rxd1 36. Kg2 Qd2+ 37. Qxd2 Rxd2+ 38. Rf2 Rxf2+ 39. Kxf2 Kf6 40. Kf3 e5 41. Ke3 e4 42. a3 g5 43. h5 gxf4+ 44. gxf4 Ke6 45. Kd2 Kd6 46. Ke3 Kc7 47. Kd2 a6 48. a4 axb5 49. axb5 1/2-1/2

[Event "GRE-chT U16 9th"]
[Site "Thessaloniki"]
[Date "2016.12.16"]
[Round "3.1"]
[White "Pavlidis, Pavlos"]
[Black "Betsakos, Konstantinos"]
[Result "0-1"]
[WhiteElo "1753"]
[BlackElo "1931"]
[PlyCount "98"]
[EventDate "2016.12.15"]
[EventType "team-swiss"]
[EventRounds "6"]
[EventCountry "GRE"]
[SourceTitle "CBM 176 Extra"]
[Source "ChessBase"]
[SourceDate "2017.03.02"]
[SourceVersion "1"]
[SourceVersionDate "2017.03.02"]
[SourceQuality "1"]
[WhiteTeam "Polichnis"]
[BlackTeam "Triandrias"]
[WhiteTeamCountry "GRE"]
[BlackTeamCountry "GRE"]

1. e4 d6 2. d4 Nf6 3. Nc3 Nbd7 4. Nf3 e5 5. Bc4 h6 6. 0-0 Be7 7. Re1 0-0 8. h3 c6 9. a4 Re8 10. Bb3 Bf8 11. dxe5 dxe5 12. Be3 Qc7 13. Nd2 Nc5 14. Bxc5 Bxc5 15. Qf3 Be6 16. Ne2 Nh7 17. Ng3 Ng5 18. Qe2 Rad8 19. Red1 Bxh3 20. gxh3 Nxh3+ 21. Kh2 Nxf2 22. Rf1 Qd7 23. Rxf2 Bxf2 24. Qxf2 Qxd2 25. Bxf7+ Kh8 26. Qxd2 Rxd2+ 27. Kh3 Rf8 28. Bb3 Rf4 29. Rg1 g5 30. Nf5 Rxe4 31. Kg3 h5 32. Rh1 h4+ 33. Kf3 Rf4+ 34. Ke3 Rd8 35. Ne7 Kg7 36. Rg1 Kf6 37. Ng8+ Kg6 38. Ne7+ Kh5 39. c3 g4 40. Bc2 Kg5 41. Ng6 Rf3+ 42. Ke2 e4 43. Ne5 Rf4 44. Ke3 Re8 45. Nc4 Rf3+ 46. Ke2 e3 47. Bd1 Rf2+ 48. Ke1 g3 49. Be2 Kf4 0-1

[Event "EU School-ch U15"]
[Site "Kallithea"]
[Date "2016.06.21"]
[Round "5"]
[White "Voinikonis, Nikita"]
[Black "Pavlidis, Pavlos"]
[Result "1-0"]
[WhiteElo "2132"]
[BlackElo "1829"]
[PlyCount "123"]
[EventDate "2016.06.17"]
[EventType "swiss"]
[EventRounds "9"]
[EventCountry "GRE"]
[SourceTitle "EXT 2017"]
[Source "ChessBase"]
[SourceDate "2016.10.25"]
[SourceVersion "1"]
[SourceVersionDate "2016.10.25"]
[SourceQuality "1"]

1. d4 Nf6 2. c4 e6 3. Nc3 d5 4. cxd5 exd5 5. Bg5 Bb4 6. e3 Nbd7 7. Bd3 c5 8. Nge2 Qa5 9. 0-0 c4 10. Bf5 0-0 11. Bh3 Be7 12. Bxd7 Bxd7 13. Nf4 Bg4 14. f3 Be6 15. Qe1 Qd8 16. Rd1 h6 17. Bxf6 Bxf6 18. e4 Qb6 19. e5 Bg5 20. Nfxd5 Bxd5 21. Nxd5 Qxb2 22. f4 Bd8 23. Rf3 Bb6 24. Qe4 Rfd8 25. f5 Rxd5 26. Qxd5 Qe2 27. Rff1 Rd8 28. Qf3 Qxf3 29. gxf3 Rxd4 30. Kg2 c3 31. f4 Kf8 32. Rxd4 Bxd4 33. Kf3 Bb6 34. Ke4 Ke7 35. Rc1 Ba5 36. Rb1 b6 37. Kd5 a6 38. a4 Kd7 39. e6+ Ke7 40. Ke5 fxe6 41. fxe6 b5 42. axb5 axb5 43. Rxb5 Bc7+ 44. Kd5 Bxf4 45. Rc5 Bd2 46. Rc7+ Ke8 47. Ke5 Bg5 48. Kf5 Bf6 49. h3 Kd8 50. Rd7+ Ke8 51. Ke4 Bg5 52. Rc7 Bd2 53. Kf5 Kd8 54. e7+ Kxc7 55. e8Q Kb6 56. Ke4 Kc5 57. Qd7 g5 58. Qc7+ Kb4 59. Kd3 h5 60. Qb6+ Ka3 61. Qb5 h4 62. Kc2 1-0

[Event "GRE-chT 43rd"]
[Site "Porto Rio"]
[Date "2015.10.12"]
[Round "7.8"]
[White "Bakis, Apollon Fivos"]
[Black "Pavlidis, Pavlos"]
[Result "0-1"]
[WhiteElo "1335"]
[BlackElo "1827"]
[PlyCount "112"]
[EventDate "2015.10.08"]
[EventType "team-swiss"]
[EventRounds "7"]
[EventCountry "GRE"]
[SourceTitle "CBM 168 Extra"]
[Source "ChessBase"]
[SourceDate "2015.10.29"]
[SourceVersion "1"]
[SourceVersionDate "2015.10.29"]
[SourceQuality "1"]
[WhiteTeam "Kalamata Poseidon"]
[BlackTeam "Polichnis"]
[WhiteTeamCountry "GRE"]
[BlackTeamCountry "GRE"]

1. d4 d5 2. Nf3 Nf6 3. Bf4 e6 4. e3 Be7 5. Bd3 0-0 6. 0-0 b6 7. h3 Bb7 8. Nbd2 Nbd7 9. c4 c5 10. cxd5 Nxd5 11. Bh2 cxd4 12. Nxd4 Nc5 13. Be2 Bf6 14. N2f3 Qe7 15. Rb1 Rfd8 16. Be5 Rac8 17. Bxf6 Nxf6 18. Ne5 Nfe4 19. Qe1 f6 20. Nd3 Nxd3 21. Bxd3 e5 22. f3 Nc5 23. Bc4+ Bd5 24. Bxd5+ Rxd5 25. Nf5 Qf8 26. e4 Rd7 27. Rd1 Nd3 28. Qe2 Qc5+ 29. Kh2 Nf4 30. Qf2 Qxf2 31. Rxf2 Rxd1 32. Ne7+ Kf8 33. Nxc8 Rd7 34. Rc2 Ke8 35. g3 Ne6 36. h4 Kd8 37. Kg2 Nc5 38. b4 Kxc8 39. bxc5 Rc7 40. c6 Kd8 41. f4 Ke7 42. fxe5 fxe5 43. Kf3 Kd6 44. Kg4 Rxc6 45. Rxc6+ Kxc6 46. Kf5 Kd6 47. h5 b5 48. g4 a5 49. g5 b4 50. h6 gxh6 51. gxh6 a4 52. Kf6 b3 53. axb3 axb3 54. Kg7 b2 55. Kxh7 b1Q 56. Kg7 Qxe4 0-1

[Event "GRE-chT 43rd"]
[Site "Porto Rio"]
[Date "2015.10.09"]
[Round "3.11"]
[White "Pavlidis, Pavlos"]
[Black "Vourlis Koletis, Miltiadis"]
[Result "1-0"]
[WhiteElo "1827"]
[BlackElo "1633"]
[PlyCount "48"]
[EventDate "2015.10.08"]
[EventType "team-swiss"]
[EventRounds "7"]
[EventCountry "GRE"]
[SourceTitle "CBM 168 Extra"]
[Source "ChessBase"]
[SourceDate "2015.10.29"]
[SourceVersion "1"]
[SourceVersionDate "2015.10.29"]
[SourceQuality "1"]
[WhiteTeam "Polichnis"]
[BlackTeam "Thinalios"]
[WhiteTeamCountry "GRE"]
[BlackTeamCountry "GRE"]

1. e4 e6 2. d4 d5 3. Nd2 dxe4 4. Nxe4 Nd7 5. Nf3 Ngf6 6. Nxf6+ Nxf6 7. Bg5 Be7 8. c3 0-0 9. Bd3 b6 10. 0-0 Bb7 11. Bc2 Be4 12. Bxf6 Bxc2 13. Bxe7 Bxd1 14. Bxd8 Bxf3 15. Bxc7 Bd5 16. Bg3 Rac8 17. Rfc1 Rc6 18. b3 b5 19. a4 bxa4 20. c4 Be4 21. Rxa4 Rb6 22. b4 Rc8 23. Bf4 Bc6 24. b5 Be8 1-0

[Event "Didymoteicho op 2nd"]
[Site "Didymoteicho"]
[Date "2015.05.31"]
[Round "6"]
[White "Djakov, Kristian"]
[Black "Pavlidis, Pavlos"]
[Result "1-0"]
[WhiteElo "2050"]
[BlackElo "1859"]
[PlyCount "57"]
[EventDate "2015.05.28"]
[EventType "swiss"]
[EventRounds "7"]
[EventCountry "GRE"]
[SourceTitle "CBM 166 Extra"]
[Source "ChessBase"]
[SourceDate "2015.06.18"]
[SourceVersion "1"]
[SourceVersionDate "2015.06.18"]
[SourceQuality "1"]

1. d4 d5 2. Nf3 Nf6 3. Bf4 e6 4. c3 Bd6 5. e3 0-0 6. Nbd2 c5 7. Bxd6 Qxd6 8. Ne5 Nc6 9. f4 Nd7 10. Bd3 cxd4 11. exd4 f5 12. Qe2 Nf6 13. 0-0-0 Bd7 14. Kb1 Rac8 15. g4 fxg4 16. h3 g3 17. Rhg1 Ne7 18. Rxg3 Nf5 19. Bxf5 exf5 20. Rdg1 Qe7 21. Rxg7+ Qxg7 22. Rxg7+ Kxg7 23. Qg2+ Kh8 24. Nxd7 Nxd7 25. Qxd5 Rc7 26. Qd6 Rfc8 27. Nf3 b6 28. Ng5 Rb7 29. Qe7 1-0